| 000 | 00589pab a2200217 454500 | ||
|---|---|---|---|
| 008 | 180718b2009 xxu||||| |||| 00| 0 eng d | ||
| 100 | _aSuresh Babu, M. | ||
| 245 | _aLosing out in a growing economy: labour in the organised manufacturing sector in the era of globalisation | ||
| 260 | _c2009 | ||
| 300 | _ap.203-16. | ||
| 362 | _aApr-Jun | ||
| 650 | _aIndustry | ||
| 650 | _aManufacturing industry | ||
| 650 | _aGlobalization | ||
| 650 | _aEmployment | ||
| 650 | _aWages | ||
| 650 | _aLabour | ||
| 773 | _aIndian Journal of Labour Economics | ||
| 908 | _aN | ||
| 909 | _a85356 | ||
| 999 |
_c85356 _d85356 |
||